01381nab a22002177a 4500999001500000003000400015005001700019008004100036040000700077100002500084245026200109300001500371500003800386505036000424505011500784650002800899650003500927700002900962773015900991942001301150 c6273d6273OSt20260128201827.0190514b xxu||||| |||| 00| 0 spa d cPJ 96655a Muni, Nicole 10aAutonomía, vejez y justicia empoderante. Entre tutela privada y dignidad del riesgo : cuna lectura interseccional desde la doctrina especializada, la jurisprudencia y los estándares internacionales de derechos humanos /bNicole Muni, Federico Airoldi.  ap. 146-155 aCita: TR LALEY AR/DOC/2715/2025.  aSumario: I. Introducción.— II. El caso "C. O. E. y otra": autonomía, oposición familiar y tutela judicial.— III. Marco normativo y doctrinario: capacidad jurídica, autonomía y crítica al paternalismo.— IV. Jurisprudencia: entre tutela y autodeterminación.— V. Reflexión final: hacia una justicia que escuche, respete y acompañe.  tFallo comentado: ST Entre Ríos, sala II civil y com. ~ 01/07/2025 ~ C. O. E. y otra s/ incidentes (familia). 09967aDERECHO DE FAMILIA 091057aJURISPRUDENCIA APLICABLE 96654aAiroldi, Federico 0 0284493222dBuenos Aires : AbeledoPerrot, 1989-tDerecho de familia. Revista Interdisciplinaria de doctrina y jurisprudencia. Diciembre 2025-VI.z18511201 2udccANA